Synthesis and Physicochemical Properties of SiO2-Ta2O5 Thin-Film Systems and Powders; IOP Conference Series: Earth and Environmental Science; Vol. 115 : Ecology and safety in the technosphere

Bibliografiske detaljer
Parent link:IOP Conference Series: Earth and Environmental Science
Vol. 115 : Ecology and safety in the technosphere.— 2018.— [012004, 8 p.]
Institution som forfatter: Национальный исследовательский Томский политехнический университет (ТПУ) Юргинский технологический институт (филиал) (ЮТИ) Кафедра безопасности жизнедеятельности, экологии и физического воспитания (БЖДЭФВ)
Andre forfattere: Malchik A. G. Aleksandra Gennadievna, Litovkin S. V. Sergey Valerievich, Rodionov P. V. Pavel Vadimovich, Kryuchkova S. О.
Summary:Title screen
Within the research, SiO2-Ta2O5 films from film-forming solutions based on tetraethoxysilane and tantalum chloride (V) are synthesized. Physicochemical patterns and specifics of producing the films are determined by means of IR spectroscopy and thermogravimetric analysis. The processes of SiO2-Ta2O5 films formation are studied. Interrelation between SiO2-Ta2O5] composition, concentration of incoming components and their physicochemical properties are revealed.
Sprog:engelsk
Udgivet: 2018
Fag:
Online adgang:http://dx.doi.org/10.1088/1755-1315/115/1/012004
http://earchive.tpu.ru/handle/11683/47016
Format: MixedMaterials Electronisk Book Chapter
KOHA link:https://koha.lib.tpu.ru/cgi-bin/koha/opac-detail.pl?biblionumber=657926

MARC

LEADER 00000nla2a2200000 4500
001 657926
005 20231224152505.0
035 |a (RuTPU)RU\TPU\network\24772 
035 |a RU\TPU\network\21652 
090 |a 657926 
100 |a 20180330d2018 k y0engy50 ba 
101 0 |a eng 
102 |a GB 
105 |a y z 100zy 
135 |a vrgn ---uucaa 
181 0 |a i  
182 0 |a b 
200 0 |a Synthesis and Physicochemical Properties of SiO2-Ta2O5 Thin-Film Systems and Powders  |f A. G. Malchik, S. V. Litovkin, P. V. Rodionov, S. О. Kryuchkova 
203 |a Text  |c electronic 
210 |d 2018 
300 |a Title screen 
320 |a [References: 15 tit.] 
330 |a Within the research, SiO2-Ta2O5 films from film-forming solutions based on tetraethoxysilane and tantalum chloride (V) are synthesized. Physicochemical patterns and specifics of producing the films are determined by means of IR spectroscopy and thermogravimetric analysis. The processes of SiO2-Ta2O5 films formation are studied. Interrelation between SiO2-Ta2O5] composition, concentration of incoming components and their physicochemical properties are revealed. 
461 1 |0 (RuTPU)RU\TPU\network\2499  |t IOP Conference Series: Earth and Environmental Science 
463 1 |0 (RuTPU)RU\TPU\network\24751  |t Vol. 115 : Ecology and safety in the technosphere  |o All-Russian research-to-practice conference, 6–7 March 2017, Yurga, Russian Federation  |v [012004, 8 p.]  |d 2018 
610 1 |a электронный ресурс 
610 1 |a труды учёных ТПУ 
610 1 |a синтез 
610 1 |a физико-химические свойства 
610 1 |a тонкопленочные системы 
610 1 |a порошки 
610 1 |a пленки 
610 1 |a тетраэтоксисилан 
610 1 |a хлорид тантала 
610 1 |a ИК-спектроскопия 
610 1 |a термогравиметрический анализ 
701 1 |a Malchik  |b A. G.  |c specialist in the field of ecology and life safety  |c Associate Professor of Yurga technological Institute of Tomsk Polytechnic University, candidate of technical sciences  |f 1970-  |g Aleksandra Gennadievna  |3 (RuTPU)RU\TPU\pers\34721  |9 18071 
701 1 |a Litovkin  |b S. V.  |c specialist in the field of ecology and life safety  |c assistant of Yurga technological Institute of Tomsk Polytechnic University  |f 1985-  |g Sergey Valerievich  |3 (RuTPU)RU\TPU\pers\35617  |9 18786 
701 1 |a Rodionov  |b P. V.  |c specialist in the field of ecology and life safety  |c senior lecturer of Yurga technological Institute of Tomsk Polytechnic University, candidate of pedagogical sciences  |f 1972-  |g Pavel Vadimovich  |3 (RuTPU)RU\TPU\pers\35616  |9 18785 
701 1 |a Kryuchkova  |b S. О. 
712 0 2 |a Национальный исследовательский Томский политехнический университет (ТПУ)  |b Юргинский технологический институт (филиал) (ЮТИ)  |b Кафедра безопасности жизнедеятельности, экологии и физического воспитания (БЖДЭФВ)  |3 (RuTPU)RU\TPU\col\18930 
801 1 |a RU  |b 63413507  |c 20150101  |g RCR 
801 2 |a RU  |b 63413507  |c 20220305  |g RCR 
856 4 |u http://dx.doi.org/10.1088/1755-1315/115/1/012004 
856 4 |u http://earchive.tpu.ru/handle/11683/47016 
942 |c CF